<?xml version="1.0" encoding="UTF-8"?>
<collection xmlns="http://www.loc.gov/MARC21/slim">
 <record>
  <leader>01828nam a2200241 a 4500</leader>
  <controlfield tag="001">TVCDKTCT8677</controlfield>
  <controlfield tag="003">Thư viện trường Cao đẳng Kỹ thuật Cao Thắng</controlfield>
  <controlfield tag="005">20080307000000</controlfield>
  <controlfield tag="008">080307</controlfield>
  <datafield tag="980" ind1="\" ind2="\">
   <subfield code="a">Thư viện Trường CĐ Kỹ Thuật Cao Thắng</subfield>
  </datafield>
  <datafield tag="024" ind1=" " ind2=" ">
   <subfield code="a">RG_1 #1 eb0 i1</subfield>
  </datafield>
  <datafield tag="041" ind1="0" ind2="#">
   <subfield code="a">vie</subfield>
  </datafield>
  <datafield tag="082" ind1="#" ind2="#">
   <subfield code="a">629.71 / </subfield>
   <subfield code="b">H561D-d</subfield>
  </datafield>
  <datafield tag="100" ind1="1" ind2="#">
   <subfield code="a">Vũ Xuân Hùng</subfield>
  </datafield>
  <datafield tag="245" ind1="0" ind2="0">
   <subfield code="a">Hướng dẫn thiết kế bài giảng và tuyển tập các bài giảng hay nghề Động lực - Cơ Khí /</subfield>
   <subfield code="c">Vũ Xuân Hùng, Cao Văn Sâm</subfield>
  </datafield>
  <datafield tag="260" ind1="#" ind2="#">
   <subfield code="a">H. :</subfield>
   <subfield code="b">Nhà xuất bản Lao động ,</subfield>
   <subfield code="c">2007</subfield>
  </datafield>
  <datafield tag="300" ind1="#" ind2="#">
   <subfield code="a">184tr. ;</subfield>
   <subfield code="c">24cm</subfield>
  </datafield>
  <datafield tag="520" ind1="#" ind2="#">
   <subfield code="a">Hội giảng giáo viên dạy nhề tòan quốc là một họat động mang tính chuyên môn sâu rộng, đã trở thành nề nếp, định kỳ 3 năm một lần, đã và đang đóng góp tích cực trong việc nâng cao chất lượng giản dạy, góp phần nâng cao chất lượng đội ngũ giáo viên dạy nghề. Thông qua Hội giảng, những tài năn sư phạm, những điển hình tiên tiến được phát hiện và nhân rộng.</subfield>
  </datafield>
  <datafield tag="520" ind1="#" ind2="#">
   <subfield code="a">Hướng dẫn thiết kế bài giảng và tuyển tập các bài giảng hay nghề Điện -Điện tử là một công trình khoa học được biên tập dựa trên chất lượng từ nhữn bài giảng đạt giải cao nghề Điện, trong Hội giảng giáo viên dạy nghề tòan quốc năm 2006.</subfield>
  </datafield>
  <datafield tag="650" ind1="#" ind2="4">
   <subfield code="a">Thiết kế bài giảng</subfield>
  </datafield>
  <datafield tag="650" ind1="#" ind2="4">
   <subfield code="a">Tuyển tập bài giảng hay</subfield>
  </datafield>
  <datafield tag="650" ind1="#" ind2="4">
   <subfield code="a">Động lực -- Cơ khí</subfield>
  </datafield>
  <datafield tag="700" ind1="0" ind2="#">
   <subfield code="a">Cao Văn Sâm</subfield>
  </datafield>
 </record>
</collection>
